| 000 | 00444nam a22001817a 4500 | ||
|---|---|---|---|
| 003 | MPLRDC | ||
| 005 | 20220104174320.0 | ||
| 008 | 210129b ||||| |||| 00| 0 eng d | ||
| 020 | _a1-84333-613-8 | ||
| 082 | _a143.27 APPE | ||
| 100 | _aDAVID APPELBAUM | ||
| 245 |
_aWORLD PHILOSOPHY _c |
||
| 250 | _a初版 | ||
| 260 |
_a _bVEGA, LONDON _c2002 |
||
| 300 | _b精 | ||
| 650 | _a近代哲学总论--二十世纪 | ||
| 942 |
_cBK _o143.27 APPE |
||
| 999 |
_c59807 _d59797 |
||